000 00585nam a2200181Ia 4500
003 GCL
008 140319s9999 xx 000 0 ara d
040 _aGCL /
_cGCL
082 0 4 _a791.43
_bس ص
100 1 _aسمير فريد
245 1 0 _aصفحات مجهولة من تاريخ السينما المصرية /
_cسمير فريد
260 _a[S.N] :
_bالمجلس الاعلى للثقافة ،
_c1994
300 _a147 ص
490 _aالعيد المئوى للسينما (1995_1996)
_v0
650 0 4 _aالسينما
650 0 4 _aتاريخ ونقد
942 _2ddc
_cBK
999 _c35652
_d35652